LEADER 01364nam a2200325 a 4500 001 000000132073 003 CaOOAMICUS 005 20121211104937.0 008 121211s2000 it u000 u ita r 020 $a88-459-1523-9 040 $aPUL$bita 100 1 $aGerbi, Antonello,$d1904-1976.$0(OLS)http://pul/name/85051 245 13$aLa disputa del Nuovo Mondo :$bstoria di una polemica, 1750-1900 /$cAntonello Gerbi ; con un saggio di Antonio Melis. 260 $aMilano :$bAdelphi,$c2000. 300 $aXXVIII, 1017 p. ;$c20 cm 490 1 $aAdelphi ;$v164 500 $aComprende indici. 504 $aBibliografia p. [901]-922. 651 4$aStati Uniti$xStudi europei$y1750-1900.$0(OLS)http://pul/subject/39239 700 1 $aGerbi, Sandro.$0(OLS)http://pul/name/85052 700 1 $aMelis, Antonio.$0(OLS)http://pul/name/85053 830 4$aGli Adelphi ;$v164.$0(OLS)http://pul/title/101049 850 $aPUL 852 $aPUL$W1$xDP1 Fondo E. Rossi$y115$m1 G 40$j42676$qFondi$B151347$CPULBib$Z2$F151347 $82 941 1 $a1 961 $aSul dorso collocazione ms. di E. Rossi: G 18 0 4 996 $6020$a88-459-1523-9$9(OLS)http://pul/number/151346 996 $6245$aLa disputa del Nuovo Mondo :$bstoria di una polemica, 1750-1900$9(OLS)http://pul/title/166870 996 $6260$aMilano :$bAdelphi$9(OLS)http://pul/publisher/51018 LEADER 01332nam a2200313 a 4500 001 000000168360 003 CaOOAMICUS 005 20180619094749.0 008 180619s1981 it u000 u ita r 032 $aLibriCat 040 $aPUL$bita 041 1 $aita$heng 100 1 $aBion, Wilfred R.$0(OLS)http://pul/name/87635 240 10$aGroup and organisation studies.$lItaliano.$0(OLS)http://pul/title/208689 245 13$aIl cambiamento catastrofico ; La griglia ; Caesura ; Seminari brasiliani ; Intervista /$cWilfred R. Bion ; a cura di Francesco Corrao. 260 $aTorino :$bLoescher,$cİ1981. 300 $a366 p. ;$c20 cm. 490 1 $aLa sfinge ;$v01 504 $aBibliografia in nota. 650 4$aPsicanalisi.$0(OLS)http://pul/subject/1791 700 1 $aCorrao, Francesco.$0(OLS)http://pul/name/34486 830 3$aLa sfinge (Loescher) ;$v01.$0(OLS)http://pul/title/208688 850 $aPUL 852 $aPUL$W1$xDP1 Fondo Dalla Palma$y117$m7 B 39$j191838$qFondi$B196256$CPULBib$Z2$F196256 $HDal2849 $81 941 1 $a1 960 $aPsicoanalisi$91791 996 $6245$aIl cambiamento catastrofico ; La griglia ; Caesura ; Seminari brasiliani ; Intervista$9(OLS)http://pul/title/208690 996 $6260$aTorino :$bLoescher$9(OLS)http://pul/publisher/48154